000 00944nam a2200289 i 4500
003 DO-SdBNP
005 20231110101335.0
007 ta
008 110413s1977 ve a 000 j spa d
040 _aDO-SdBNP
_bspa
_cBNPHU
_erda
082 _bH565
_222
100 1 _aHerrero, Ricardo
_984613
245 1 0 _aJesús, camino, verdad y vida :
_b5to. curso /
_cRicardo Herrero
264 1 _aVenezuela :
_bProducción Colegial Bolivariana,
_c1977.
264 3 _bLitho,
300 _a64 páginas
_c23 cm.
_bIlustraciones
336 _2rdacontent
_atexto
_btxt
337 _2rdamedia
_asin mediación
_bn
338 _2rdacarrier
_avolumen
_bnc
490 1 _aVida
500 _aLibro de texto.
500 _aAprobado por Monseñor Dr. Ovidio Pérez Morales, obispado de Caracas, Venezuela.
500 _aEste libro tiene su correspondiente guía del maestro.
590 _aInventariado, 2023/ YL
910 _aYLockward
942 _2ddc
_cLBS1
999 _c55452
_d55452